Missing Word: Adele Quiz Stats

 Plays Quiz Updated Apr 5, 2013

Support Sporcle.
Go Orange.
Score 0/14 Timer 02:00
1 Play Today
Hint Missing Word % Correct
Rolling in the _____Deep
95.7%
_____ Like YouSomeone
90.8%
Set _____ to the RainFire
89.9%
One and _____Only
78.3%
_____ Has ItRumour
77.1%
Sky_____Fall
73%
Make You _____ My LoveFeel
57.2%
Hint Missing Word % Correct
Chasing _____Pavements
57.1%
Turning _____Tables
51.2%
_____ ShoulderCold
45%
Hometown _____Glory
37.2%
_____ You RememberDon't
37%
I Found a _____Boy
31.8%
_____ SameMy
18%

Today's Daily Dose

You're not logged in!

Compare scores with friends on all Sporcle quizzes.
OR
Log In

From the Vault

Who Has More Super Bowls?

by Hejman

We don't know about you, but the bowls in our cupboard are pretty super.
Remove Ads.
Support Sporcle.
Get the best of Sporcle when you Go Orange. This ad-free experience offers more features, more stats, and more fun while also helping to support Sporcle. Thank you for becoming a member.

Show Comments

Extras

Top Quizzes Today


Score Distribution

Your Account Isn't Verified!

In order to create a playlist on Sporcle, you need to verify the email address you used during registration. Go to your Sporcle Settings to finish the process.

Report this User

Report this user for behavior that violates our Community Guidelines.

Details: